000
00217nam a22000857a 4500
008
160718b xxu||||| |||| 00| 0 eng d
100
_9
3042
_a
Goel D.K
245
_a
Accountancy-XI
260
_a
New Delhi
_b
APC Publication
_c
2011
999
_c
2605
_d
2605